| 000 | 01382pam a2200361 i 4500 | ||
|---|---|---|---|
| 003 | EG-GICUC | ||
| 005 | 20260121101741.0 | ||
| 008 | 920813s1992 enka frb 001 0 eng d | ||
| 020 |
_a1857530470 (hardcover) : _c$43.00 |
||
| 020 | _a9781857530476 | ||
| 040 |
_aDLC _cDLC _dDLC _dEG-GICUC _beng _erda |
||
| 050 | 0 | 0 |
_aKZ6369 _b.L59 1992 |
| 082 | 0 | 0 |
_a34148 _221 |
| 092 | 0 | 4 | _221 |
| 099 | _aLaw 11 1992 | ||
| 245 | 0 | 0 |
_aTo loose the bands of wickedness : _binternational intervention in defence of human rights / _cedited by Nigel S. Rodley. |
| 250 | _a1st English edition. | ||
| 264 |
_aLondon : _bBrassey's (UK) ; _a[New York] : _bDistributed in North America by the Macmillan Pub. Co., _c1992. |
||
| 300 |
_axiii, 287 pages : _billustrations ; _c24 cm. |
||
| 336 |
_atext _2rdacontent |
||
| 337 |
_aComputer _2rdamedia |
||
| 338 |
_aOnline Resource _2rdacarrier |
||
| 500 | _a"Published in association with The David Davies Memorial Institute of International Studies." | ||
| 504 | _aIncludes bibliographical references and index. | ||
| 610 | 2 | 0 | _aUnited Nations. |
| 650 | 0 | _aIntervention (International law) | |
| 650 | 0 | _aHuman rights. | |
| 700 | 1 |
_aRodley, Nigel S., _eeditor. |
|
| 710 | 2 | _aDavid Davies Memorial Institute of International Studies. | |
| 856 | 4 | 0 | _uhttps://fll.law.cu.edu.eg/fulltext/bks/ENGB11-00075.pdf |
| 905 | _a10 | ||
| 942 |
_2ddc _cBK _e21 _n0 |
||
| 999 |
_c57857 _d57857 |
||